Movies Quiz

Random Movies or Star Wars Quiz

Star Wars Original Trilogy (A-Z) Quiz Stats

 Plays Quiz Updated Oct 7, 2012

Challenge
Share
Tweet
Embed
Score 0/26 Timer 05:00
5 Plays Today
A-Z Answer % Correct
FThe Force
92.8%
EEwoks
92.8%
JJabba the Hutt
91.6%
HHan Solo
87.2%
VVader
84.1%
OOwen Lars
83.5%
LLando Calrissian
82.8%
XX-Wing
78.2%
GGreedo
77.1%
AAlderaan
75.2%
CCarbonite
75.1%
DDagobah
74.9%
RRancor
66.3%
A-Z Answer % Correct
MMos Eisley Spaceport
62.9%
KKessel Run
61.1%
TTauntauns
58.4%
BBiggs Darklighter
56.3%
WWedge Antilles
55.3%
YYavin IV
55%
IIG-88
35.8%
NCaptain Needa
25.7%
SSalacious Crumb
22.7%
UUgnaught
19.5%
QQuarren
14.4%
ZZuckuss
12.6%
PPonda Baba
11.8%

You're not logged in!

Compare scores with friends on all Sporcle quizzes.
OR
Log In

You Might Also Like...

Show Comments

Extras

Top Quizzes Today


Score Distribution

Your Account Isn't Verified!

In order to create a playlist on Sporcle, you need to verify the email address you used during registration. Go to your Sporcle Settings to finish the process.

Report this User

Report this user for behavior that violates our Community Guidelines.

Details: